00863nam a22002177a 450000500170000000800410001704000270005804100080008504400070009308200170010011000660011724500350018326000750021830000350029350501410032865000230046965000460049265000420053865000520058065100130063220180803170133.0150708b2012 ck ||||| ||||s00| 0 spa d aCO-BoIAVH cCO-BoIAVH 0 aeng ack 4a304.25bM18c2 aColombiabMinistry of Environment and Sustainable Deveploment1 aColombian CDM & NAMA Portfolio3 aColombia:bMinistry of Environment and Sustainable Deveploment,c2012. a32 p.btab., il., col.c30 cm. aPt. 1 Industry. Pt. 2 Energy. Pt. 3 Waste Management. Pt. 4 Forestry. Pt. 5 Transport. Pt. 6 Colombian CDM stats. Pt. 7 NAMAs Portfolio. 4aCambio climático 4aCambio climáticoxAspectos económicos 4aCambio climáticoxAspectos sociales 4aCambio climáticoxplanificación territorial 4aColombia